000 01393cac a2200349 i 4500
003 EG-GICUC
005 20260121101649.0
008 051216s2005 ne frb 000 0 eng d
020 _a9041123377
_qacid-free paper
020 _a9789041123374
_q(acid-free paper)
040 _aEQO
_cEQO
_dYLS
_dBAKER
_dDLC
_dEG-GICUC
_beng
_erda
043 _ae------
050 0 0 _aKJC8850
_b.C75 2005
082 0 4 _221
_a341.046
092 0 4 _221
099 _aLaw 10 2005
245 0 0 _aCriminal enforcement of environmental law in the European Union /
_cedited by Michael Faure and Günter Heine.
264 _aThe Hague :
_aFrederick, MD :
_bKluwer Law International ;
_bSold and distributed in North, Central, and South America by Aspen,
_c2005.
300 _axii, 187 pages ;
_c25 cm.
336 _atext
_btxt
_2rdacontent
337 _aComputer
_bn
_2rdamedia
338 _aOnline Resource
_bnc
_2rdacarrier
440 0 _aComparative environmental law & policy series ;
_vvolume 8
504 _aIncludes bibliographical references.
650 0 _aOffenses against the environment
_xLaw and legislation
_zEuropean Union countries.
650 0 _aOffenses against the environment
_zEuropean Union countries.
700 1 _aFaure, Michael
_q(Michael G.)
700 1 _aHeine, Günter,
_d1952-
856 4 0 _uhttps://fll.law.cu.edu.eg/fulltext/bks/ENGB10-00155.pdf
905 _a10
942 _2ddc
_cBK
_e21
_n0
999 _c54611
_d54611